La protección jurídica del honor (Record no. 150781)

MARC details
000 -LEADER
fixed length control field nam a22 7a 4500
005 - DATE AND TIME OF LATEST TRANSACTION
control field 20190830111420.0
008 - FIXED-LENGTH DATA ELEMENTS--GENERAL INFORMATION
fixed length control field 190830b ag ||||| |||| 00| 0 spa d
020 ## - INTERNATIONAL STANDARD BOOK NUMBER
International Standard Book Number 9507270787
050 04 - LIBRARY OF CONGRESS CALL NUMBER
Classification number KHA5591
Item number V39 1995
100 1# - MAIN ENTRY--PERSONAL NAME
Personal name Vázquez Rossi, Jorge E.
245 13 - TITLE STATEMENT
Title La protección jurídica del honor
Statement of responsibility, etc / Jorge E. Vázquez Rossi.
250 ## - EDITION STATEMENT
Edition statement 1a ed.
260 ## - PUBLICATION, DISTRIBUTION, ETC. (IMPRINT)
Place of publication, distribution, etc Santa Fé, Argentina :
Name of publisher, distributor, etc Rubinzal-Culzoni Editores,
Date of publication, distribution, etc 1995.
300 ## - PHYSICAL DESCRIPTION
Extent 205 p. ;
Dimensions 23 cm.
504 ## - BIBLIOGRAPHY, ETC. NOTE
Bibliography, etc incluye bibliografía e índice.
650 #7 - SUBJECT ADDED ENTRY--TOPICAL TERM
Source of heading or term lemb
Topical term or geographic name as entry element Difamación
Geographic subdivision Argentina
650 #4 - SUBJECT ADDED ENTRY--TOPICAL TERM
Topical term or geographic name as entry element Delitos contra el honor
General subdivision Argentina
942 ## - ADDED ENTRY ELEMENTS (KOHA)
Source of classification or shelving scheme Biblioteca del Cogreso de los Estados Unidos
Koha item type Informe de Servicio Social
Holdings
Estado de pérdida Fuente de clasificación Estado del daño No para préstamo Ubicación permanente Ubicación actual Apartado o colección Fecha de adquisición Fuente de adquisición Edición Dependencia de educación superior (DES) Área del conocimiento Clasificación Código de Barras Date last seen Número de copia Costo por reposición Tipo de recurso
  Biblioteca del Cogreso de los Estados Unidos     Biblioteca del Posgrado en Derecho Biblioteca del Posgrado en Derecho Colección Ernesto Villanueva 30/08/2019 Donación 1a ed. Derecho Ciencias Sociales y Administrativas KHA5591 V39 1995 BPD000000932 30/08/2019 1 1.00 Libro